000 00724nam a2200253Ia 4500
003 OSt
005 20220928105114.0
006 a|||||r|||| 00| 0
007 ta
008 220927b |||||||| |||| 00| 0 hin d
020 _c495
024 _a120674
037 _b74, 21/01/2013, Bharat Pustak Bhandar
_cTextual
040 _aSDCL
_cSDCL
_bhin
041 _2hin
_ahin
082 _aO152:g(Y5927), Q2
100 _aSingh N
_9403570
245 0 _aDalit sahitya ke pratiman.
260 _aNew Delhi
_bVani Prakashan
_c2012
300 _a332p
_ccm.
650 _aHindi
_9391598
942 _hO152:g(Y5927), Q2
_cTEXL
_2CC
999 _c729624
_d729624